Airports by Picture Quiz #1 - Statistics

General Stats
  • This quiz has been taken 287 times
    268 since last reset
  • The average score is 4 of 22
Answer Stats
Picture Hint Answer % Correct
Singapore
82%
New York
70%
Doha
31%
Bangkok
26%
Dubai
21%
San Francisco
20%
Paris
17%
Beijing
16%
London (Heathrow)
14%
Delhi
12%
Toronto
12%
Frankfurt
10%
Seoul
8%
Atlanta
6%
Istanbul
5%
Osaka
5%
Nizhny Novgorod
2%
Cairo
1%
This image is from 1987. Sao Paulo
1%
Brisbane
0%
Chongqing
0%
Kuwait
0%
No matching quizzes found
Score Distribution
Percent of People with Each Score
Percentile by Number Answered
Your Score History
You have not taken this quiz since the last reset